[Event "38. Abierto Ciudad de Sevilla"]
[Site "Sevilla ESP"]
[Date "2013.01.12"]
[Round "2.20"]
[White "Ramirez Guerrero, Enrique"]
[Black "Piscopo, Pierluigi"]
[Result "0-1"]
[WhiteElo "2045"]
[BlackElo "2407"]
[PlyCount "66"]
[EventDate "2013.01.11"]
[EventType "swiss"]
[EventRounds "9"]
[EventCountry "ESP"]
[Source "lmi"]
[SourceDate "2013.01.11"]

1. d4 Nf6 2. c4 c5 3. e3 g6 4. Nf3 Bg7 5. Be2 cxd4 6. exd4 d5 7. c5 O-O 8. O-O
Nc6 9. Nc3 Ne4 10. Be3 f5 11. g3 h6 12. Nxe4 dxe4 13. Ne5 Kh7 14. Nxc6 bxc6 15.
Qa4 Rb8 16. Rab1 Be6 17. Bc4 Bxc4 18. Qxc4 g5 19. f4 exf3 20. Rxf3 Qd7 21. b3
Rbd8 22. Rbf1 e6 23. Rd1 e5 24. Rdf1 exd4 25. Rd1 Qd5 26. Qxd5 Rxd5 27. Bf2
Rxc5 28. Rfd3 Rd5 29. b4 Rb8 30. Rc1 Rxb4 31. Rxc6 Rb1+ 32. Kg2 Rb2 33. Ra6 Rd7
0-1

[Event "38. Abierto Ciudad de Sevilla"]
[Site "Sevilla ESP"]
[Date "2013.01.13"]
[Round "3.3"]
[White "Serrano Salvador, Eduardo"]
[Black "Ibarra Jerez, Jose Carlos"]
[Result "1/2-1/2"]
[WhiteElo "2349"]
[BlackElo "2538"]
[PlyCount "78"]
[EventDate "2013.01.11"]
[EventType "swiss"]
[EventRounds "9"]
[EventCountry "ESP"]
[Source "lmi"]
[SourceDate "2013.01.11"]

1. d4 Nf6 2. Nf3 d5 3. Bg5 Ne4 4. Bh4 c5 5. dxc5 Nc6 6. e3 g6 7. Nbd2 Nxc5 8.
Be2 Bg7 9. c3 O-O 10. O-O a5 11. Nb3 Ne4 12. a4 h6 13. Nfd2 Nd6 14. Nd4 g5 15.
Bg3 e5 16. Nb5 Nxb5 17. axb5 Ne7 18. f3 Be6 19. e4 Qc7 20. Qa4 Rfd8 21. Rfd1
Ng6 22. exd5 Rxd5 23. Nc4 Nf4 24. Bf1 Bf8 25. Rxd5 Bxd5 26. Re1 f6 27. Kh1 b6
28. Ne3 Bf7 29. Bc4 Rd8 30. Bxf7+ Qxf7 31. Bxf4 gxf4 32. Nc4 Bc5 33. Qc2 Qh7
34. Qxh7+ Kxh7 35. g3 fxg3 36. hxg3 Kg6 37. Kg2 h5 38. Kf1 Kf5 39. Ke2 Rg8
1/2-1/2

[Event "38. Abierto Ciudad de Sevilla"]
[Site "Sevilla ESP"]
[Date "2013.01.13"]
[Round "3.4"]
[White "Haslinger, Stewart G"]
[Black "Blanco, Cristobal J"]
[Result "1-0"]
[WhiteElo "2535"]
[BlackElo "2347"]
[PlyCount "155"]
[EventDate "2013.01.11"]
[EventType "swiss"]
[EventRounds "9"]
[EventCountry "ESP"]
[Source "lmi"]
[SourceDate "2013.01.11"]

1. e4 c5 2. Nf3 Nc6 3. d4 cxd4 4. Nxd4 Nf6 5. Nc3 e5 6. Ndb5 d6 7. Bg5 a6 8.
Na3 b5 9. Nd5 Be7 10. Bxf6 Bxf6 11. c4 b4 12. Nc2 O-O 13. h4 Rb8 14. b3 a5 15.
g3 Be7 16. Bg2 Kh8 17. O-O f5 18. exf5 Bxf5 19. Nde3 Bd7 20. Qd3 Qc8 21. Rad1
Be6 22. Rd2 Rb6 23. Bd5 Bh3 24. Re1 Ra6 25. Be4 h6 26. Kh2 Be6 27. Qe2 Nb8 28.
Nd5 Bd8 29. Nce3 Nd7 30. Qh5 Nc5 31. Bc2 e4 32. Nf4 Bf7 33. Qf5 Qxf5 34. Nxf5
g5 35. hxg5 hxg5 36. Nd5 Bg6 37. g4 Bxf5 38. gxf5 Rxf5 39. Bxe4 Re5 40. Rde2
Kg7 41. Kg3 Ra7 42. Bc2 Bf6 43. Rxe5 Bxe5+ 44. Kg4 Rf7 45. Bf5 a4 46. Re3 axb3
47. axb3 Ra7 48. Kxg5 Ra3 49. f4 Bd4 50. Re7+ Kf8 51. Bg6 Rxb3 52. f5 Rg3+ 53.
Kh6 Rh3+ 54. Bh5 Bg7+ 55. Kg6 Rxh5 56. Kxh5 b3 57. Re1 Be5 58. Kg6 b2 59. f6
Nd3 60. Rh1 Bh2 61. Nc3 Ne5+ 62. Kf5 Nf3 63. Kg4 Be5 64. Nb1 Nd4 65. Kg5 Kg8
66. Kg6 Ne6 67. Rg1 Kf8 68. Rh1 Kg8 69. Nd2 Nf4+ 70. Kf5 Ne2 71. Re1 Bc3 72.
Rxe2 Bxd2 73. Re8+ Kf7 74. Re7+ Kf8 75. Rb7 Bc3 76. Ke6 Kg8 77. f7+ Kg7 78. Rb8
1-0

[Event "38. Abierto Ciudad de Sevilla"]
[Site "Sevilla ESP"]
[Date "2013.01.13"]
[Round "3.5"]
[White "Montero Melendez, Rafael"]
[Black "Khamrakulov, Ibragim S"]
[Result "1/2-1/2"]
[WhiteElo "2316"]
[BlackElo "2509"]
[PlyCount "126"]
[EventDate "2013.01.11"]
[EventType "swiss"]
[EventRounds "9"]
[EventCountry "ESP"]
[Source "lmi"]
[SourceDate "2013.01.11"]

1. c4 Nf6 2. g3 c5 3. Bg2 Nc6 4. Nc3 g6 5. Nf3 Bg7 6. d4 cxd4 7. Nxd4 Qb6 8.
Nc2 O-O 9. O-O d6 10. b3 Qa5 11. Nd5 Bf5 12. Bd2 Qd8 13. Rc1 Ne4 14. Be1 Nc5
15. b4 Bxc2 16. Qxc2 Ne6 17. e3 Rc8 18. Qe2 Nc7 19. Nf4 Qd7 20. b5 Nd8 21. Bb4
Nce6 22. Rfd1 b6 23. a4 Nxf4 24. exf4 Ne6 25. a5 Nd4 26. Qe3 bxa5 27. Bxa5 e5
28. Bb4 exf4 29. Qd3 Rfe8 30. Re1 Rxe1+ 31. Rxe1 f3 32. Bf1 Re8 33. Re3 h5 34.
h4 Rxe3 35. Qxe3 Nc2 36. Qd2 Nxb4 37. Qxb4 Bd4 38. Qd2 Bc5 39. Qf4 Qg4 40. Bd3
Qxf4 41. gxf4 f5 42. Bc2 Bb6 43. Bd1 Bd8 44. Bxf3 Bxh4 45. Kg2 Kg7 46. Bd5 Bf6
47. Kf3 h4 48. Bc6 Kf7 49. Bd5+ Ke7 50. Bc6 Bd4 51. Bd5 Kf6 52. Bc6 g5 53.
fxg5+ Kxg5 54. Kg2 Kg4 55. f3+ Kf4 56. Kh3 Bf6 57. Bd5 Ke5 58. Bb7 Kd4 59. Bd5
Kd3 60. Kg2 Be5 61. Kh3 Bg3 62. Kg2 f4 63. Kh3 Kc3 1/2-1/2

[Event "38. Abierto Ciudad de Sevilla"]
[Site "Sevilla ESP"]
[Date "2013.01.13"]
[Round "3.6"]
[White "Perez Mitjans, Orelvis"]
[Black "Gutierrez Jimenez, Juan Manuel"]
[Result "0-1"]
[WhiteElo "2496"]
[BlackElo "2296"]
[PlyCount "84"]
[EventDate "2013.01.11"]
[EventType "swiss"]
[EventRounds "9"]
[EventCountry "ESP"]
[Source "lmi"]
[SourceDate "2013.01.11"]

1. e4 c5 2. Nf3 e6 3. Qe2 Nc6 4. g3 g6 5. h4 h6 6. d3 Bg7 7. c3 Nge7 8. Bg2 d5
9. e5 Qc7 10. Bf4 b6 11. Nbd2 Ba6 12. Rb1 g5 13. hxg5 hxg5 14. Rxh8+ Bxh8 15.
Nxg5 Nxe5 16. c4 N7g6 17. Kf1 O-O-O 18. b4 dxc4 19. bxc5 Nxf4 20. gxf4 c3 21.
Nc4 Nxc4 22. dxc4 Qxc5 23. Kg1 Bxc4 24. Qe1 Bd3 25. Rc1 c2 26. Nxf7 Qa3 27.
Nxd8 Kxd8 28. Qd2 Qc3 29. Qe3 Bf5 30. Qe2 Qd3 31. Qh5 Bb2 32. Qg5+ Kd7 33. Qg8
Bxc1 34. Qg7+ Kd8 35. Qh8+ Kc7 36. Qe5+ Qd6 37. Qc3+ Kd7 38. Qg7+ Ke8 39. Qh8+
Qf8 40. Bc6+ Ke7 41. Qd4 Ba3 42. Qd7+ Kf6 0-1

[Event "38. Abierto Ciudad de Sevilla"]
[Site "Sevilla ESP"]
[Date "2013.01.13"]
[Round "3.7"]
[White "Garcia Jimenez, Francisco Javi"]
[Black "Campora, Daniel H"]
[Result "1-0"]
[WhiteElo "2278"]
[BlackElo "2490"]
[PlyCount "57"]
[EventDate "2013.01.11"]
[EventType "swiss"]
[EventRounds "9"]
[EventCountry "ESP"]
[Source "lmi"]
[SourceDate "2013.01.11"]

1. e4 d6 2. Nc3 Nf6 3. h3 e5 4. g3 Be7 5. Bg2 h5 6. Nf3 Nbd7 7. d4 c6 8. Be3
Qc7 9. O-O Nf8 10. Nh4 Ne6 11. d5 cxd5 12. exd5 Nc5 13. f4 exf4 14. Bxf4 O-O
15. Kh1 Nh7 16. Qxh5 g5 17. Be3 gxh4 18. Bd4 f6 19. b4 Rf7 20. bxc5 dxc5 21.
Be3 Qxg3 22. Bf4 Qxc3 23. d6 Bxd6 24. Bxd6 Be6 25. Rae1 Bxa2 26. Re4 Qd2 27.
Rg4+ Kh8 28. c4 Rd7 29. Be5 1-0

[Event "38. Abierto Ciudad de Sevilla"]
[Site "Sevilla ESP"]
[Date "2013.01.13"]
[Round "3.10"]
[White "Fernandez Romero, Ernesto"]
[Black "Diaz Castro, Sergio"]
[Result "1-0"]
[WhiteElo "2480"]
[BlackElo "2224"]
[PlyCount "79"]
[EventDate "2013.01.11"]
[EventType "swiss"]
[EventRounds "9"]
[EventCountry "ESP"]
[Source "lmi"]
[SourceDate "2013.01.11"]

1. e4 g6 2. d4 Bg7 3. Nf3 d6 4. Bc4 a6 5. O-O b5 6. Bb3 Bb7 7. Re1 e6 8. a4 Nd7
9. c3 Ne7 10. Qe2 O-O 11. Nbd2 c6 12. Nf1 h6 13. Ng3 Qc7 14. h4 Rfe8 15. h5 g5
16. Nh2 c5 17. Ng4 cxd4 18. cxd4 Nc6 19. Be3 Nxd4 20. Nxh6+ Kf8 21. Bxd4 Bxd4
22. Qd2 Bf6 23. Ng4 Be7 24. Rac1 Qd8 25. h6 Ne5 26. Qd4 Bf6 27. Nxf6 Qxf6 28.
Qxd6+ Kg8 29. Nh5 Qxh6 30. Qxe5 Qxh5 31. Rc3 Qg6 32. Rg3 Kf8 33. Rxg5 Qh7 34.
Rh5 Qg6 35. Qc5+ Re7 36. Rh8+ Kg7 37. Rxa8 Bxa8 38. Qxe7 Bxe4 39. g3 bxa4 40.
Bxe6 1-0

[Event "38. Abierto Ciudad de Sevilla"]
[Site "Sevilla ESP"]
[Date "2013.01.13"]
[Round "3.11"]
[White "Gonzalez Galvan, Juan Manuel"]
[Black "Gonzalez Perez, Arian"]
[Result "1-0"]
[WhiteElo "2249"]
[BlackElo "2473"]
[PlyCount "79"]
[EventDate "2013.01.11"]
[EventType "swiss"]
[EventRounds "9"]
[EventCountry "ESP"]
[Source "lmi"]
[SourceDate "2013.01.11"]

1. e4 e6 2. d3 d5 3. Bd2 Nf6 4. Nc3 b6 5. Nge2 Bb7 6. Ng3 h5 7. h4 Bd6 8. f4
Bc5 9. Qf3 Nc6 10. e5 Ng4 11. Nxh5 Nf2 12. Nxg7+ Kf8 13. f5 Nd4 14. Qf4 Nxc2+
15. Ke2 Kxg7 16. Rc1 Nxh1 17. f6+ Kf8 18. Rxc2 Ba6 19. b4 Nf2 20. bxc5 Bxd3+
21. Kxf2 Bxc2 22. Qg4 Bg6 23. Bd3 d4 24. Ne2 Qd5 25. Nf4 Qxa2 26. Nxg6+ fxg6
27. Ke1 Rg8 28. Bh6+ Ke8 29. Bxg6+ Kd7 30. Qxd4+ Kc6 31. Be4+ Kb5 32. Qd7+ Ka6
33. Bd3+ Kb7 34. c6+ Kb8 35. Bg7 Qa5+ 36. Kf1 Qa1+ 37. Kf2 Qb2+ 38. Be2 Qxe5
39. f7 Qf4+ 40. Kg1 1-0

[Event "38. Abierto Ciudad de Sevilla"]
[Site "Sevilla ESP"]
[Date "2013.01.13"]
[Round "3.12"]
[White "Das, Arghyadip"]
[Black "Sanchez Castillo, Sarai"]
[Result "1-0"]
[WhiteElo "2466"]
[BlackElo "2212"]
[PlyCount "101"]
[EventDate "2013.01.11"]
[EventType "swiss"]
[EventRounds "9"]
[EventCountry "ESP"]
[Source "lmi"]
[SourceDate "2013.01.11"]

1. g3 d5 2. Bg2 e5 3. d3 c6 4. Nf3 Bd6 5. Nbd2 f5 6. e4 Nf6 7. O-O O-O 8. exd5
cxd5 9. c4 e4 10. Ne1 Ng4 11. Nc2 f4 12. cxd5 exd3 13. Nd4 Nxh2 14. Kxh2 fxg3+
15. Kg1 gxf2+ 16. Rxf2 Rxf2 17. Kxf2 Qh4+ 18. Ke3 Qg5+ 19. Kf2 Qh4+ 20. Ke3
Qg5+ 21. Kf2 Bh3 22. Qf3 Qh4+ 23. Ke3 Qg5+ 24. Kf2 Qh4+ 25. Ke3 Bg4 26. Qf2 Bg3
27. Qf1 Nd7 28. Kxd3 Ne5+ 29. Kc2 Rc8+ 30. Kb1 Bh5 31. Be4 Bg6 32. Nf5 Bxf5 33.
Qxf5 Rf8 34. Qe6+ Kh8 35. b3 Bf4 36. Bc2 Qe1 37. Kb2 b5 38. Nf3 Nc4+ 39. bxc4
Qb4+ 40. Bb3 Bxc1+ 41. Rxc1 Rxf3 42. Qe8+ Rf8 43. Qxb5 Qd2+ 44. Kb1 Qd3+ 45.
Bc2 Qg3 46. Qb2 Rb8 47. Bb3 a5 48. Qc3 Qc7 49. Ka1 Qc5 50. Bc2 Kg8 51. Rh1 1-0

[Event "38. Abierto Ciudad de Sevilla"]
[Site "Sevilla ESP"]
[Date "2013.01.13"]
[Round "3.13"]
[White "Sanchez Romero, Miquel Angel"]
[Black "Roy Chowdhury, Saptarshi"]
[Result "1/2-1/2"]
[WhiteElo "2229"]
[BlackElo "2451"]
[PlyCount "74"]
[EventDate "2013.01.11"]
[EventType "swiss"]
[EventRounds "9"]
[EventCountry "ESP"]
[Source "lmi"]
[SourceDate "2013.01.11"]

1. e4 c5 2. c3 d6 3. g3 g6 4. d4 cxd4 5. cxd4 Bg7 6. Bg2 Nf6 7. Ne2 O-O 8. O-O
Nc6 9. Nbc3 Bd7 10. h3 e5 11. Be3 Re8 12. Qd2 b5 13. Rac1 b4 14. Nd5 Nxd5 15.
exd5 Nxd4 16. Nxd4 exd4 17. Bxd4 a5 18. Bxg7 Kxg7 19. Qd4+ Qf6 20. Qxf6+ Kxf6
21. Rc7 Ke7 22. Rfc1 Reb8 23. h4 Kd8 24. f4 a4 25. Kf2 a3 26. b3 Rc8 27. Rxc8+
Rxc8 28. Rxc8+ Kxc8 29. Be4 Kc7 30. Ke3 Kb6 31. Kd4 Bf5 32. Bf3 Bc2 33. Kc4 Ka5
34. g4 f6 35. g5 fxg5 36. fxg5 Bf5 37. Be2 Bd7 1/2-1/2

[Event "38. Abierto Ciudad de Sevilla"]
[Site "Sevilla ESP"]
[Date "2013.01.13"]
[Round "3.16"]
[White "Valenti, Giuseppe"]
[Black "Barua, Dibyendu"]
[Result "1-0"]
[WhiteElo "2201"]
[BlackElo "2413"]
[PlyCount "93"]
[EventDate "2013.01.11"]
[EventType "swiss"]
[EventRounds "9"]
[EventCountry "ESP"]
[Source "lmi"]
[SourceDate "2013.01.11"]

1. e4 e6 2. d4 d5 3. Nd2 Nf6 4. e5 Nfd7 5. c3 c5 6. Bd3 Nc6 7. Ne2 cxd4 8. cxd4
f6 9. exf6 Qxf6 10. Nf3 h6 11. Nc3 Bd6 12. Be3 O-O 13. a3 Rf7 14. O-O a6 15.
Rc1 Nf8 16. Na4 Qd8 17. Re1 Bd7 18. Nc5 Be8 19. b4 e5 20. dxe5 Nxe5 21. Be2 b6
22. Nxe5 Bxe5 23. Nd3 Bf6 24. Bf3 Rd7 25. Bg4 Re7 26. Qf3 d4 27. Bf4 Rxe1+ 28.
Rxe1 Ra7 29. h3 Re7 30. Rc1 Ra7 31. Rc8 Qe7 32. Bb8 Rd7 33. Bxd7 Bxd7 34. Rc1
Bb5 35. Nf4 d3 36. Qd5+ Qf7 37. Qxf7+ Kxf7 38. Rd1 Nd7 39. Bc7 Be5 40. Bxe5
Nxe5 41. Nd5 Nd7 42. f4 Bc4 43. Nc3 Ke6 44. Kf2 b5 45. g4 g5 46. fxg5 hxg5 47.
Ne4 1-0

[Event "38. Abierto Ciudad de Sevilla"]
[Site "Sevilla ESP"]
[Date "2013.01.13"]
[Round "3.17"]
[White "Pogorelov, Ruslan"]
[Black "Lasinskas, Povilas"]
[Result "1-0"]
[WhiteElo "2409"]
[BlackElo "2183"]
[PlyCount "133"]
[EventDate "2013.01.11"]
[EventType "swiss"]
[EventRounds "9"]
[EventCountry "ESP"]
[Source "lmi"]
[SourceDate "2013.01.11"]

1. Nf3 Nf6 2. c4 b6 3. g3 Bb7 4. Bg2 e6 5. O-O Be7 6. Nc3 O-O 7. Re1 d5 8. cxd5
exd5 9. d4 Nbd7 10. Bf4 a6 11. Rc1 Nh5 12. Be3 Bd6 13. Nh4 c6 14. Nf5 Bb8 15.
Qd2 g6 16. Nh4 f5 17. Bg5 Qe8 18. Qc2 Qf7 19. e3 Bd6 20. Nf3 Rae8 21. Bh6 Ng7
22. Qb3 Kh8 23. Ne2 Re7 24. Bf4 Ne8 25. Ne5 Nxe5 26. Bxe5+ Bxe5 27. dxe5 Rxe5
28. Qxb6 Nd6 29. Nf4 Nc4 30. Qd4 Qg7 31. b3 Nd6 32. Nd3 Re7 33. Qxg7+ Kxg7 34.
Nc5 Bc8 35. Red1 g5 36. Rd4 f4 37. exf4 gxf4 38. Nd3 f3 39. Bf1 Re4 40. Rxe4
dxe4 41. Nf4 Nf5 42. Rxc6 e3 43. fxe3 Nxe3 44. Bxa6 Bf5 45. Rc7+ Kh8 46. Kf2
Ng4+ 47. Kxf3 Ra8 48. Bd3 Nxh2+ 49. Ke3 Ng4+ 50. Kd4 Bxd3 51. Nxd3 Rxa2 52. b4
Ra4 53. Re7 Nh6 54. Kc5 Nf5 55. Re8+ Kg7 56. g4 Ra3 57. Ne5 Rc3+ 58. Kd5 Ne3+
59. Ke6 Nc2 60. Rb8 Rb3 61. Nc6 Nxb4 62. Nxb4 h5 63. gxh5 Kh6 64. Kf5 Rg3 65.
Nd5 Ra3 66. Rb6+ Kh7 67. Nf6+ 1-0

[Event "38. Abierto Ciudad de Sevilla"]
[Site "Sevilla ESP"]
[Date "2013.01.13"]
[Round "3.18"]
[White "Medina Carrasco, Santiago"]
[Black "Kjartansson, Gudmundur"]
[Result "0-1"]
[WhiteElo "2166"]
[BlackElo "2408"]
[PlyCount "102"]
[EventDate "2013.01.11"]
[EventType "swiss"]
[EventRounds "9"]
[EventCountry "ESP"]
[Source "lmi"]
[SourceDate "2013.01.11"]

1. d4 Nf6 2. Nf3 b6 3. g3 Bb7 4. Bg2 c5 5. O-O cxd4 6. Nxd4 Bxg2 7. Kxg2 Qc7 8.
Nc3 Qb7+ 9. f3 d5 10. Bf4 Nbd7 11. Qd2 Rc8 12. Qe3 Nh5 13. Rad1 Nxf4+ 14. gxf4
Nf6 15. Qe5 a6 16. Nf5 e6 17. Nd6+ Bxd6 18. Qxd6 Rc6 19. Qa3 b5 20. Rd4 Qe7 21.
Qxe7+ Kxe7 22. a4 Rc4 23. Rfd1 b4 24. Rxc4 dxc4 25. Ne4 Nd5 26. Kf2 g6 27. e3
Rc8 28. Rd4 f5 29. Ng3 b3 30. cxb3 cxb3 31. Ke2 Rc2+ 32. Rd2 Nc3+ 33. Kd3 Rxd2+
34. Kxd2 Nxa4 35. Kc1 Nb6 36. Nf1 Nc4 37. e4 Kd6 38. Nd2 Na5 39. Kd1 Kc5 40.
Ke2 Kb4 41. Kd3 Nc6 42. Nc4 a5 43. h3 Kc5 44. h4 a4 45. Nd2 Nb4+ 46. Kc3 Na2+
47. Kd3 Nb4+ 48. Kc3 Nc6 49. Kd3 e5 50. fxe5 Nxe5+ 51. Kc3 f4 0-1

[Event "38. Abierto Ciudad de Sevilla"]
[Site "Sevilla ESP"]
[Date "2013.01.13"]
[Round "3.19"]
[White "Piscopo, Pierluigi"]
[Black "Fernandez Rodriguez, Jose A"]
[Result "1/2-1/2"]
[WhiteElo "2407"]
[BlackElo "2164"]
[PlyCount "84"]
[EventDate "2013.01.11"]
[EventType "swiss"]
[EventRounds "9"]
[EventCountry "ESP"]
[Source "lmi"]
[SourceDate "2013.01.11"]

1. c4 f5 2. g3 Nf6 3. Nc3 g6 4. Bg2 d6 5. Nd5 Bg7 6. Nxf6+ Bxf6 7. d4 Nc6 8.
Nf3 e5 9. d5 Nb8 10. Bh6 a5 11. e4 Na6 12. exf5 Bxf5 13. O-O Nc5 14. Re1 Kf7
15. Be3 b6 16. Bxc5 bxc5 17. Nd2 Rf8 18. Be4 Bh3 19. a4 Kg7 20. Ra3 Qd7 21. Rb3
Bg5 22. Rb5 Qf7 23. f3 Rfb8 24. Nb3 Bd7 25. Qc2 Bxb5 26. cxb5 h5 27. Qc3 h4 28.
g4 Qf4 29. Nxa5 h3 30. Nc6 Bh4 31. Rf1 Rf8 32. a5 Bg3 33. Qc2 Qe3+ 34. Kh1 Bh4
35. Qd3 Qf4 36. a6 c4 37. Qe2 Rf7 38. a7 Bg5 39. Re1 Bh4 40. Rf1 Bg5 41. Re1
Bh4 42. Rf1 Bg5 1/2-1/2

[Event "38. Abierto Ciudad de Sevilla"]
[Site "Sevilla ESP"]
[Date "2013.01.14"]
[Round "4.3"]
[White "Rzayev, Bahruz"]
[Black "Fernandez Romero, Ernesto"]
[Result "1/2-1/2"]
[WhiteElo "2370"]
[BlackElo "2480"]
[PlyCount "111"]
[EventDate "2013.01.11"]
[EventType "swiss"]
[EventRounds "9"]
[EventCountry "ESP"]
[Source "lmi"]
[SourceDate "2013.01.11"]

1. e4 e6 2. d4 d5 3. Nd2 Nf6 4. e5 Nfd7 5. c3 c5 6. Bd3 Nc6 7. Ne2 Rb8 8. O-O
b5 9. f4 g6 10. Nf3 b4 11. g4 Qb6 12. Kg2 h5 13. h3 hxg4 14. hxg4 Ba6 15. Ng3
Bxd3 16. Qxd3 bxc3 17. bxc3 cxd4 18. cxd4 Nb4 19. Qe2 Rc8 20. Rb1 Rc2 21. Bd2
Qc6 22. Rfc1 Nxa2 23. Rxc2 Qxc2 24. Rb7 Qc6 25. Rxa7 Nb4 26. f5 gxf5 27. gxf5
Qb6 28. Ra8+ Nb8 29. fxe6 fxe6 30. Ng5 N4a6 31. Nh5 Kd7 32. Qf2 Be7 33. Qf7
Rxh5 34. Qxh5 Nc7 35. Ra4 Qb3 36. Ra7 Qb6 37. Rxc7+ Qxc7 38. Qf7 Qb6 39. Nh7
Kd8 40. Nf6 Bxf6 41. exf6 Qb2 42. Qe7+ Kc8 43. Qxe6+ Nd7 44. Qc6+ Kd8 45. Qa8+
Kc7 46. Qa5+ Kd6 47. Qa6+ Kc7 48. Qe2 Qxd4 49. Ba5+ Kd6 50. Qa6+ Ke5 51. Bc7+
Kf5 52. Qc8 Qe4+ 53. Kf1 Qe6 54. Bd8 Nxf6 55. Qxe6+ Kxe6 56. Bxf6 1/2-1/2

[Event "38. Abierto Ciudad de Sevilla"]
[Site "Sevilla ESP"]
[Date "2013.01.14"]
[Round "4.4"]
[White "Das, Arghyadip"]
[Black "Estremera Panos, Sergio"]
[Result "1/2-1/2"]
[WhiteElo "2466"]
[BlackElo "2367"]
[PlyCount "108"]
[EventDate "2013.01.11"]
[EventType "swiss"]
[EventRounds "9"]
[EventCountry "ESP"]
[Source "lmi"]
[SourceDate "2013.01.11"]

1. e4 e5 2. Nf3 Nc6 3. Bb5 a6 4. Ba4 Nf6 5. d3 d6 6. c4 g6 7. Nc3 Bg7 8. h3 O-O
9. Bg5 h6 10. Be3 Nd7 11. Qd2 Kh7 12. O-O-O Nd4 13. Bxd7 Bxd7 14. Bxd4 exd4 15.
Ne2 c5 16. Nf4 b5 17. Nd5 Rb8 18. Rde1 Be6 19. Re2 bxc4 20. dxc4 Bxd5 21. exd5
Rxb2 22. Qxb2 d3 23. Qb3 dxe2 24. Re1 Re8 25. Kd2 Qa5+ 26. Kd3 f5 27. g4 fxg4
28. hxg4 Qc7 29. Rxe2 Rb8 30. Qa4 Qf7 31. Re3 Qf4 32. Qxa6 Qxg4 33. Qxd6 Qf5+
34. Ke2 Rb2+ 35. Kf1 Qh3+ 36. Kg1 Rb1+ 37. Re1 Qg4+ 38. Qg3 Rxe1+ 39. Nxe1 Qxc4
40. d6 Qd5 41. Nd3 c4 42. Qxg6+ Kxg6 43. Nf4+ Kf5 44. Nxd5 Ke6 45. d7 Kxd7 46.
Nb6+ Kc6 47. Nxc4 Kc5 48. Nd2 Kd4 49. Nb1 Bf8 50. a3 Kd3 51. Kg2 Kc2 52. a4 Bb4
53. a5 Bxa5 54. Na3+ Kd3 1/2-1/2

[Event "38. Abierto Ciudad de Sevilla"]
[Site "Sevilla ESP"]
[Date "2013.01.14"]
[Round "4.5"]
[White "Bruno, Fabio"]
[Black "Garcia Jimenez, Francisco Javi"]
[Result "1-0"]
[WhiteElo "2434"]
[BlackElo "2278"]
[PlyCount "65"]
[EventDate "2013.01.11"]
[EventType "swiss"]
[EventRounds "9"]
[EventCountry "ESP"]
[Source "lmi"]
[SourceDate "2013.01.11"]

1. Nf3 c5 2. c4 Nc6 3. Nc3 g6 4. e3 e5 5. d4 d6 6. dxc5 dxc5 7. Qxd8+ Kxd8 8.
Bd2 f6 9. O-O-O Be6 10. Nd5 Bg7 11. Bc3 Kc8 12. Be2 Nh6 13. h3 Rd8 14. Rd2 Nf7
15. Rhd1 b6 16. Nh2 Kb7 17. f4 f5 18. Bf3 Bh8 19. fxe5 Bxe5 20. Ne7 Bxh2 21.
Bxc6+ Kc7 22. Bxa8 Rxa8 23. Nd5+ Kc6 24. b3 Re8 25. Nf6 Re7 26. Nxh7 f4 27. Bf6
Re8 28. e4 f3 29. Kb2 g5 30. Nxg5 Bf4 31. Nxf7 Bxf7 32. Rf2 Rxe4 33. Rxf3 1-0

[Event "38. Abierto Ciudad de Sevilla"]
[Site "Sevilla ESP"]
[Date "2013.01.14"]
[Round "4.6"]
[White "Gutierrez Jimenez, Juan Manuel"]
[Black "Belezky, Alexander"]
[Result "0-1"]
[WhiteElo "2296"]
[BlackElo "2427"]
[PlyCount "54"]
[EventDate "2013.01.11"]
[EventType "swiss"]
[EventRounds "9"]
[EventCountry "ESP"]
[Source "lmi"]
[SourceDate "2013.01.11"]

1. e4 c5 2. Nf3 d6 3. d4 cxd4 4. Nxd4 Nf6 5. Nc3 g6 6. Be3 Bg7 7. f3 Nc6 8. Qd2
Bd7 9. Bc4 O-O 10. Bb3 Na5 11. Bh6 Bxh6 12. Qxh6 e5 13. Nde2 Nxb3 14. axb3 b5
15. O-O-O b4 16. Nd5 Nxd5 17. Rxd5 Be6 18. Rd3 Qa5 19. f4 exf4 20. Kb1 Rac8 21.
Nd4 Qe5 22. Nf3 Qf6 23. Rxd6 Rxc2 24. e5 Qf5 25. Nd4 Qxe5 26. Kxc2 Qxd6 27. Rd1
Bf5+ 0-1

[Event "38. Abierto Ciudad de Sevilla"]
[Site "Sevilla ESP"]
[Date "2013.01.14"]
[Round "4.8"]
[White "Kjartansson, Gudmundur"]
[Black "Valenti, Giuseppe"]
[Result "1-0"]
[WhiteElo "2408"]
[BlackElo "2201"]
[PlyCount "77"]
[EventDate "2013.01.11"]
[EventType "swiss"]
[EventRounds "9"]
[EventCountry "ESP"]
[Source "lmi"]
[SourceDate "2013.01.11"]

1. d4 Nf6 2. c4 e6 3. Nc3 c5 4. d5 exd5 5. cxd5 d6 6. Nf3 g6 7. Bf4 a6 8. a4
Bg7 9. h3 O-O 10. e3 Qe7 11. Nd2 Nbd7 12. Be2 Ne8 13. O-O Rb8 14. Bh2 f5 15.
Re1 Ne5 16. Qc2 Bd7 17. a5 Qd8 18. b3 Qc7 19. Nc4 Nxc4 20. bxc4 Rd8 21. Reb1
Bc8 22. Rb6 Qe7 23. Rab1 Nc7 24. Bd3 Na8 25. R6b3 Qc7 26. Qa2 Rfe8 27. Ne2 Qf7
28. Qd2 Re7 29. Kh1 Bh6 30. Nf4 Nc7 31. Rb6 Na8 32. Ne6 Bxe6 33. dxe6 Qxe6 34.
Rxb7 Bg7 35. Be2 Kh8 36. Bf3 Qf6 37. Qd5 Nc7 38. Qc6 Rdd7 39. Rd1 1-0

[Event "38. Abierto Ciudad de Sevilla"]
[Site "Sevilla ESP"]
[Date "2013.01.14"]
[Round "4.10"]
[White "Ibarra Jerez, Jose Carlos"]
[Black "Carretero Ortiz, Francisco"]
[Result "1-0"]
[WhiteElo "2538"]
[BlackElo "2258"]
[PlyCount "39"]
[EventDate "2013.01.11"]
[EventType "swiss"]
[EventRounds "9"]
[EventCountry "ESP"]
[Source "lmi"]
[SourceDate "2013.01.11"]

1. e4 d5 2. exd5 Nf6 3. Nf3 Nxd5 4. d4 Bf5 5. Nh4 Bc8 6. c4 Nb6 7. Nf3 g6 8.
Nc3 Bg7 9. c5 N6d7 10. Bc4 O-O 11. O-O Nf6 12. h3 b6 13. Ne5 Bb7 14. Bg5 Nc6
15. Qa4 Qxd4 16. Nxc6 Qxc5 17. Bxf6 Bxf6 18. Bd5 Bxc3 19. bxc3 Rad8 20. Nxe7+
1-0

[Event "38. Abierto Ciudad de Sevilla"]
[Site "Sevilla ESP"]
[Date "2013.01.14"]
[Round "4.11"]
[White "Khamrakulov, Ibragim S"]
[Black "Aranaz Murillo, Amalia"]
[Result "1-0"]
[WhiteElo "2509"]
[BlackElo "2251"]
[PlyCount "109"]
[EventDate "2013.01.11"]
[EventType "swiss"]
[EventRounds "9"]
[EventCountry "ESP"]
[Source "lmi"]
[SourceDate "2013.01.11"]

1. e4 c6 2. d4 d5 3. exd5 cxd5 4. c4 Nf6 5. Nc3 Nc6 6. Bg5 dxc4 7. Nf3 e6 8.
Bxc4 Be7 9. O-O O-O 10. a3 h6 11. Be3 b6 12. Qd3 Bb7 13. Ba2 Re8 14. Rac1 Bf8
15. Rfd1 Ne7 16. Ne5 Ned5 17. Ne2 Rc8 18. Ng3 Rxc1 19. Bxc1 Qa8 20. Bb1 Rc8 21.
Re1 Rc7 22. Ng4 Be7 23. Nh5 Qc8 24. Bd2 Kf8 25. Nhxf6 Nxf6 26. Ne5 Be4 27. Qg3
Bxb1 28. Rxb1 Nd5 29. Qd3 Kg8 30. g3 Bf6 31. Ng4 Rd7 32. h4 Qd8 33. Rc1 Bxd4
34. Qxd4 Ne7 35. Nxh6+ gxh6 36. Qg4+ Kh7 37. Bc3 Qg8 38. Qe4+ f5 39. Qe5 Ng6
40. Qf6 Qf7 41. h5 Qxf6 42. Bxf6 Nf8 43. Rc8 Kg8 44. Be5 Kf7 45. Kg2 Rb7 46. b4
a6 47. Bf4 Nd7 48. Bxh6 Nf6 49. Rf8+ Ke7 50. Rh8 Kd6 51. Bg5 Nh7 52. Be3 Kd5
53. h6 b5 54. Rd8+ Kc6 55. Ra8 1-0